Unamuno y Portugal

Saved in:
Bibliografiske detaljer
Hovedforfatter: García Morejon, Julio (Author)
Format: Bog
Sprog:spansk
Udgivet: Madrid Ediciones Cultura Hispánica 1964
Fag:
Tags: Tilføj Tag
Ingen Tags, Vær først til at tagge denne postø!

MARC

LEADER 00000nam a2200000 a 4500
001 UCZ1443
003 CL-VaPUC
008 950824e19640000SP |||||||||||||||||spa|d
082 0 4 |a 860.9  |b GAR  |2 21 
100 0 |a García Morejon, Julio  |e author  |9 345010 
245 1 0 |a Unamuno y Portugal 
300 |a 514 p 
942 |c BK 
945 |d 19950824 00:00:00  |a rbrito 
260 |a Madrid  |b Ediciones Cultura Hispánica  |c 1964 
600 0 7 |a UNAMUNO, MIGUEL DE  |2 CL-VaPUC  |9 312478 
650 0 |a Literatura española  |9 306261 
650 0 |a Ensayos españoles  |9 313128 
651 7 |a PORTUGAL  |2 CL-VaPUC  |9 255007 
583 |a last modification  |c 19950824 00:00:00  |k Rodrigo Vera 
999 |c 238189  |d 238187 
952 |0 0  |1 0  |4 0  |6 860_900000000000000_GAR_1964  |7 0  |8 A  |9 248215  |a BIBEDU  |b BIBEDU  |d 2019-11-18  |i 310611K  |o 860.9 GAR 1964  |p 310611K  |r 2019-11-18  |w 2019-11-18  |y BK  |k LIT 
952 |0 0  |1 0  |4 0  |6 860_900000000000000_GAR_1964  |7 0  |8 A  |9 248216  |a BIBEDU  |b BIBEDU  |d 2019-11-18  |i 145336K  |o 860.9 GAR 1964  |p 145336K  |r 2019-11-18  |w 2019-11-18  |y BK  |k LIT